[Event "Madrid-ch Seniors 50"]
[Site "Madrid"]
[Date "2019.01.17"]
[Round "9"]
[White "Sierra Garcia, Ricardo"]
[Black "Garcia Lafuente, Luis"]
[Result "1-0"]
[WhiteElo "1394"]
[BlackElo "1556"]
[PlyCount "105"]
[EventDate "2019.01.07"]
[EventType "swiss"]
[EventRounds "9"]
[EventCountry "ESP"]
[SourceTitle "CBM 188 Extra"]
[Source "ChessBase"]
[SourceDate "2019.02.28"]
[SourceVersion "1"]
[SourceVersionDate "2019.02.28"]
[SourceQuality "1"]

1. e4 d5 2. exd5 Qxd5 3. Nc3 Qa5 4. d4 c6 5. Nf3 Nf6 6. Bd3 Bg4 7. 0-0 e6 8. h3 Bh5 9. Bf4 Be7 10. Re1 Nbd7 11. g4 Nxg4 12. hxg4 Bxg4 13. Be2 Qf5 14. Bg3 h5 15. Nh4 Bxh4 16. Bxh4 Qg6 17. Bxg4 hxg4 18. Bg3 Qh5 19. Kf1 0-0-0 20. Ke2 e5 21. Rh1 Qf5 22. Qd3 e4 23. Qxe4 Rhe8 24. Be5 Qe6 25. f4 gxf3+ 26. Kxf3 Nxe5+ 27. dxe5 Qd7 28. Rad1 Qc7 29. Rxd8+ Kxd8 30. Rd1+ Kc8 31. Qf5+ Re6 32. Rd6 Qe7 33. Ne4 Kc7 34. Rxe6 Qxe6 35. Nd6 b5 36. Qxf7+ Qxf7+ 37. Nxf7 c5 38. Ng5 Kd7 39. Ne4 Kc6 40. Nd6 b4 41. Nc4 Kd5 42. b3 a5 43. Ke3 a4 44. Nb6+ Kxe5 45. Nxa4 Kd5 46. Nb6+ Kc6 47. Nc4 Kd5 48. Kd3 g5 49. Ne3+ Ke5 50. Kc4 Kd6 51. Ng4 Kc6 52. Ne5+ Kd6 53. Nf7+ 1-0

[Event "Madrid San Viator op-B 30th"]
[Site "Madrid"]
[Date "2018.04.22"]
[Round "3"]
[White "Campos Calderon, David"]
[Black "Garcia Lafuente, Luis"]
[Result "1-0"]
[WhiteElo "1353"]
[BlackElo "1577"]
[PlyCount "91"]
[EventDate "2018.04.08"]
[EventType "swiss"]
[EventRounds "9"]
[EventCountry "ESP"]
[SourceTitle "EXT 2019"]
[Source "ChessBase"]
[SourceDate "2018.10.10"]
[SourceVersion "1"]
[SourceVersionDate "2018.10.10"]
[SourceQuality "1"]

1. d4 Nf6 2. c4 e6 3. Nc3 Bb4 4. Qc2 c5 5. dxc5 Bxc5 6. Nf3 Nc6 7. e3 d6 8. g3 Bd7 9. Bg2 Nb4 10. Qd2 Bc6 11. 0-0 Ne4 12. Nxe4 Bxe4 13. Nd4 Bxg2 14. Kxg2 Nc6 15. Nf3 Qe7 16. b3 Rd8 17. Bb2 f6 18. Rfd1 0-0 19. Qc2 Qf7 20. Nd4 d5 21. Nxc6 bxc6 22. cxd5 Bb6 23. dxc6 Rd5 24. Rxd5 exd5 25. Rd1 Rc8 26. Bd4 Qe6 27. Bxb6 Rxc6 28. Bc5 f5 29. Rc1 f4 30. Qd3 f3+ 31. Kxf3 Qf7+ 32. Kg2 Rf6 33. Qe2 Rc6 34. Qd2 Rf6 35. Rd1 d4 36. Bxd4 Qb7+ 37. Kg1 Rd6 38. Qe2 Qd7 39. f3 h6 40. Qd2 Kh7 41. e4 Qf7 42. Qe3 a6 43. e5 Rc6 44. Qe4+ g6 45. Qxc6 g5 46. Qe4+ 1-0

[Event "Madrid-ch sf"]
[Site "Madrid"]
[Date "2016.02.17"]
[Round "6"]
[White "Garcia Lafuente, Luis"]
[Black "Vazquez Cabeza, Isaac"]
[Result "0-1"]
[WhiteElo "1494"]
[BlackElo "1724"]
[PlyCount "92"]
[EventDate "2016.02.08"]
[EventType "swiss"]
[EventRounds "9"]
[EventCountry "ESP"]
[SourceTitle "CBM 171 Extra"]
[Source "ChessBase"]
[SourceDate "2016.04.26"]
[SourceVersion "1"]
[SourceVersionDate "2016.04.26"]
[SourceQuality "1"]

1. d4 e6 2. Nf3 Nf6 3. Bf4 d5 4. e3 c5 5. Nbd2 Nc6 6. c3 cxd4 7. exd4 Bd6 8. Ne5 Qc7 9. Bb5 0-0 10. Qe2 Nd7 11. Bxc6 bxc6 12. Nxd7 Bxd7 13. Bxd6 Qxd6 14. Qe5 Qxe5+ 15. dxe5 Rfb8 16. b3 a5 17. Ke2 c5 18. Ke3 Bc6 19. f3 Rd8 20. Kf4 f6 21. Rhe1 d4 22. c4 f5 23. h4 Ra7 24. Rab1 Rb7 25. Rb2 Rdb8 26. Ra1 Kf8 27. Kg3 g6 28. Kf4 h6 29. Rh1 a4 30. Re1 axb3 31. Nxb3 Ba4 32. Reb1 Rb4 33. Kg3 Rxc4 34. Nd2 Rxb2 35. Rxb2 Rc2 36. Rxc2 Bxc2 37. Kf2 Ba4 38. Ke2 Bb5+ 39. Kd1 c4 40. Kc1 c3 41. Nb1 f4 42. Kc2 Ba4+ 43. Kc1 g5 44. hxg5 hxg5 45. Na3 d3 46. Nc4 Ke7 0-1

[Event "Madrid-ch sf"]
[Site "Madrid"]
[Date "2016.02.10"]
[Round "3"]
[White "Fernandez Aransay, Fernando"]
[Black "Garcia Lafuente, Luis"]
[Result "1-0"]
[WhiteElo "1800"]
[BlackElo "1494"]
[PlyCount "103"]
[EventDate "2016.02.08"]
[EventType "swiss"]
[EventRounds "9"]
[EventCountry "ESP"]
[SourceTitle "CBM 171 Extra"]
[Source "ChessBase"]
[SourceDate "2016.04.26"]
[SourceVersion "1"]
[SourceVersionDate "2016.04.26"]
[SourceQuality "1"]

1. e4 c5 2. Nf3 Nc6 3. d4 cxd4 4. Nxd4 e5 5. Nb5 d6 6. N1c3 a6 7. Na3 Nf6 8. Bg5 Be7 9. Bxf6 gxf6 10. Be2 Be6 11. 0-0 b5 12. Nd5 Rc8 13. c3 f5 14. exf5 Bxf5 15. Bg4 Bxg4 16. Qxg4 h5 17. Qh3 Rb8 18. Nc2 Qd7 19. Qd3 Qg4 20. Nce3 Qg6 21. Qxg6 fxg6 22. Nc7+ Kd7 23. Nxa6 Ra8 24. Nb4 Nxb4 25. cxb4 Rhc8 26. Nd5 Bd8 27. Nc3 Rc4 28. a3 Rb8 29. Rfd1 Ke6 30. Kf1 Bf6 31. f3 Be7 32. Rd3 Rb7 33. Rad1 Rb8 34. Ke2 Rb7 35. Rd5 Rb6 36. Rxb5 Rxb5 37. Nxb5 Rc2+ 38. Rd2 Rxd2+ 39. Kxd2 d5 40. Kd3 Bd8 41. Nc3 Bb6 42. Ne2 g5 43. h3 h4 44. a4 Kf5 45. a5 e4+ 46. fxe4+ dxe4+ 47. Kc4 Bf2 48. Kd5 Ba7 49. b5 Be3 50. b6 Bf4 51. a6 Be3 52. a7 1-0